000
00264cam a2200109ua 4500
082
_a
630.21
_b
NOR/AD
100
_a
Norman, A G.
_9
1723
245
0
0
_a
Advances in Agronomy, Vo l- 14 /
260
_a
New York :
_b
Academic Press ,
_c
1962.
300
_a
432 ; .
942
_c
BK
999
_c
363
_d
363